<?xml version="1.0" encoding="UTF-8"?><?xml-stylesheet type="text/xsl" href="static/style.xsl"?><OAI-PMH xmlns="http://www.openarchives.org/OAI/2.0/" xmlns:xsi="http://www.w3.org/2001/XMLSchema-instance" xsi:schemaLocation="http://www.openarchives.org/OAI/2.0/ http://www.openarchives.org/OAI/2.0/OAI-PMH.xsd"><responseDate>2026-06-03T19:19:10Z</responseDate><request verb="GetRecord" identifier="oai:riuma.uma.es:10630/15595" metadataPrefix="marc">https://riuma.uma.es/rest/oai/request</request><GetRecord><record><header><identifier>oai:riuma.uma.es:10630/15595</identifier><datestamp>2026-02-03T12:55:22Z</datestamp><setSpec>com_10630_5368</setSpec><setSpec>com_10630_3139</setSpec><setSpec>com_10630_10</setSpec><setSpec>col_10630_11624</setSpec></header><metadata><record xmlns="http://www.loc.gov/MARC21/slim" xmlns:dcterms="http://purl.org/dc/terms/" xmlns:doc="http://www.lyncode.com/xoai" xmlns:xsi="http://www.w3.org/2001/XMLSchema-instance" xsi:schemaLocation="http://www.loc.gov/MARC21/slim http://www.loc.gov/standards/marcxml/schema/MARC21slim.xsd">
   <leader>00925njm 22002777a 4500</leader>
   <datafield ind2=" " ind1=" " tag="042">
      <subfield code="a">dc</subfield>
   </datafield>
   <datafield ind2=" " ind1=" " tag="720">
      <subfield code="a">Picabea, J.M.</subfield>
      <subfield code="e">author</subfield>
   </datafield>
   <datafield ind2=" " ind1=" " tag="720">
      <subfield code="a">Yanci, J.</subfield>
      <subfield code="e">author</subfield>
   </datafield>
   <datafield ind2=" " ind1=" " tag="260">
      <subfield code="c">2015-07-30</subfield>
   </datafield>
   <datafield ind2=" " ind1=" " tag="520">
      <subfield code="a">Los objetivos de este estudio fueron analizar las diferencias existentes en la capacidad de salto vertical y horizontal en función del deporte practicado (futbol, baloncesto y tenis de mesa) y determinar si existía algún tipo de relación entre las capacidades de salto horizontal y vertical. 37 deportistas de 16-18 años (16 jugadores de fútbol, 11 de baloncesto y 10 de tenis de mesa) fueron evaluados en la capacidad de salto vertical y horizontal, tanto bilateral como unilateral. No se encontraron diferencias significativas en la capacidad de salto vertical, pero si en la capacidad de salto horizontal, siendo los jugadores de baloncesto los que más saltaban. Se encontró una correlación significativa entre el salto horizontal y vertical a dos piernas (r = 0,724, p &lt; 0,01). A pesar de los resultados obtenidos, son necesarios más estudios donde se analicen las diferencias en la capacidad de salto horizontal entre distintos deportes con el fin de corroborar los resultados obtenidos.</subfield>
   </datafield>
   <datafield ind1="8" ind2=" " tag="024">
      <subfield code="a">2255-0461</subfield>
   </datafield>
   <datafield ind1="8" ind2=" " tag="024">
      <subfield code="a">https://hdl.handle.net/10630/15595</subfield>
   </datafield>
   <datafield tag="653" ind2=" " ind1=" ">
      <subfield code="a">Condición física</subfield>
   </datafield>
   <datafield ind2="0" ind1="0" tag="245">
      <subfield code="a">Diferencias entre jugadores de fútbol, baloncesto y tenis de mesa en la capacidad de salto vertical y horizontal</subfield>
   </datafield>
</record>
</metadata></record></GetRecord></OAI-PMH>